LEADER 00864cam0 2200241 450 001 E600200002119 005 20180306101649.0 100 $a20040508f0000 |||||ita|0103 ba 101 $aita 102 $aIT 200 1 $aEmidio Piermarini (1888-1969)$enostro epigrammista maggiore$esaggio critico-antologico con appendice biobibliografica$fCarlo Filosa 210 $aVenezia$cLibreria emiliana editrice$d[1970?] 215 $a71 p.$d21 cm 700 1$aFilosa$b, Carlo$3A600200026080$4070$0155977 801 0$aIT$bUNISOB$c20180306$gRICA 850 $aUNISOB 852 $aUNISOB$j850$m76055 912 $aE600200002119 940 $aM 102 Monografia moderna SBN 941 $aM 957 $a850$b002603$gSI$d76055$racquisto$1pregresso1$2UNISOB$3UNISOB$420040508105436.0$520180306101642.0$6rovito 996 $aEmidio Piermarini (1888-1969)$91673340 997 $aUNISOB LEADER 03186nam 22006372 450 001 9910449666703321 005 20151005020621.0 010 $a1-107-12546-4 010 $a1-280-43395-7 010 $a0-511-17667-8 010 $a0-511-04228-0 010 $a0-511-15756-8 010 $a0-511-30457-9 010 $a0-511-61356-3 010 $a0-511-04526-3 035 $a(CKB)1000000000006783 035 $a(EBL)202082 035 $a(OCoLC)475916669 035 $a(SSID)ssj0000235621 035 $a(PQKBManifestationID)11176184 035 $a(PQKBTitleCode)TC0000235621 035 $a(PQKBWorkID)10255473 035 $a(PQKB)10027920 035 $a(UkCbUP)CR9780511613562 035 $a(MiAaPQ)EBC202082 035 $a(Au-PeEL)EBL202082 035 $a(CaPaEBR)ebr10030946 035 $a(CaONFJC)MIL43395 035 $a(EXLCZ)991000000000006783 100 $a20090914d2002|||| uy| 0 101 0 $aeng 135 $aur||||||||||| 181 $ctxt$2rdacontent 182 $cc$2rdamedia 183 $acr$2rdacarrier 200 10$aReligious conviction in liberal politics /$fChristopher J. Eberle$b[electronic resource] 210 1$aCambridge :$cCambridge University Press,$d2002. 215 $a1 online resource (x, 405 pages) $cdigital, PDF file(s) 300 $aTitle from publisher's bibliographic system (viewed on 05 Oct 2015). 311 $a0-521-01155-8 311 $a0-521-81224-0 320 $aIncludes bibliographical references and index. 327 $aCover; Half-title; Dedication; Title; Copyright; CONTENTS; ACKNOWLEDGMENTS; PART ONE RELIGION AND RESTRAINT; PART TWO WHY RESTRAINT?; PART THREE WHAT IS PUBLIC JUSTIFICATION?; NOTES; INDEX 330 $aWhat role should a citizen's religious convictions play in her political activities? Is she, for example, permitted to decide on the basis of her religious convictions to support laws that criminalize abortion or discourage homosexual relations? Christopher Eberle is deeply at odds with the dominant orthodoxy among political theorists about the relation of religion and politics. His argument is that a citizen may responsibly ground her political commitments on religious beliefs, even if her only reasons for her political commitments are religious in nature. His ideal of citizenship allows citizens to engage in politics without privatizing their religious commitments, and yet does not license mindless and intransigent sectarianism. An inherently controversial book that offers a substantial challenge to political liberalism, it will be read by students and professionals in philosophy, political science, law and religious studies, and general readers seeking insight into the relationship between religious commitments and liberal politics. 606 $aReligion and politics 606 $aLiberalism$xReligious aspects 615 0$aReligion and politics. 615 0$aLiberalism$xReligious aspects. 676 $a322/.1 700 $aEberle$b Christopher J.$01037615 801 0$bUkCbUP 801 1$bUkCbUP 906 $aBOOK 912 $a9910449666703321 996 $aReligious conviction in liberal politics$92458696 997 $aUNINA LEADER 02288nam 2200373 450 001 9910794449003321 005 20210321182822.0 010 $a1-942799-47-0 035 $a(CKB)4100000011703146 035 $a(MiAaPQ)EBC6447731 035 $a(EXLCZ)994100000011703146 100 $a20210321d2016 uy 0 101 0 $aeng 135 $aurcnu|||||||| 181 $ctxt$2rdacontent 182 $cc$2rdamedia 183 $acr$2rdacarrier 200 10$aBeyond repeat after me $ea guide to teaching english language pronunciation /$fMarla Yoshida 210 1$aAlexandria, Virginia :$cTESOL International Association,$d2016. 215 $a1 online resource (195 pages) $cillustrations 311 $a1-942799-46-2 327 $aPreface -- Introduction to teaching pronunciation -- Some basic concepts of phonology -- The articulatory system -- The consonants of American English -- The vowels of American English -- Pronunciation of some word endings -- Teaching consonants and vowels -- Syllables and word stress -- Rhythm -- Thought groups and prominence -- Intonation -- Connected speech -- Teaching the musical aspects of pronunciation -- Different places, different learners -- Spelling, sounds, and phonics -- Final thoughts -- Resources -- Glossary -- References. 330 $aThis book presents essential concepts that teachers need to guide their students toward clearly intelligible pronunciation and more effective communication skills. Based on a sound theoretical background, the book presents practical, imaginative ways to teach and practice pronunciation that go beyond simple "Repeat after me." This book offers insights for adapting teaching techniques to a range of students and teaching situations: children or adults, beginners or advanced students, and learners worldwide, whether in English-speaking countries or areas where students seldom hear English outside of class. 606 $aEnglish language$xPronunciation$xStudy and teaching 615 0$aEnglish language$xPronunciation$xStudy and teaching. 676 $a428.24071 700 $aYoshida$b Marla$01509228 801 0$bMiAaPQ 801 1$bMiAaPQ 801 2$bMiAaPQ 906 $aBOOK 912 $a9910794449003321 996 $aBeyond repeat after me$93740946 997 $aUNINA LEADER 05818nam 2200805 a 450 001 9910877489403321 005 20200520144314.0 010 $a9786610747818 010 $a9781118658659 010 $a1118658655 010 $a9781280747816 010 $a1280747811 010 $a9780470983959 010 $a0470983957 010 $a9780470759417 010 $a0470759410 010 $a9781405172394 010 $a1405172398 035 $a(CKB)1000000000341999 035 $a(EBL)284298 035 $a(OCoLC)437176171 035 $a(SSID)ssj0000154469 035 $a(PQKBManifestationID)11946779 035 $a(PQKBTitleCode)TC0000154469 035 $a(PQKBWorkID)10408028 035 $a(PQKB)10602721 035 $a(MiAaPQ)EBC284298 035 $a(MiAaPQ)EBC4037327 035 $a(Au-PeEL)EBL4037327 035 $a(CaPaEBR)ebr11111651 035 $a(CaONFJC)MIL74781 035 $a(OCoLC)927508652 035 $a(Perlego)1000273 035 $a(EXLCZ)991000000000341999 100 $a20050228d2005 uy 0 101 0 $aeng 135 $aur|n|---||||| 181 $ctxt 182 $cc 183 $acr 200 14$aThe FIDIC forms of contract $ethe fourth edition of the Red Book, 1992, the 1996 Supplement, the 1999 Red Book, the 1999 Yellow Book, the 1999 Silver Book /$fNael G. Bunni 205 $a3rd ed. 210 $aOxford, UK ;$aMalden, MA $cBlackwell Pub.$d2005 215 $a1 online resource (874 p.) 300 $aRev. ed. of: The FIDIC form of contract. 2nd ed. 1997. 311 08$a9781405120319 311 08$a1405120312 320 $aIncludes bibliographical references (p. [787]-820) and index. 327 $aContents; 20.12 Concluding remarks; List of Figures; List of Tables; The Author; Preface; Acknowledgements; Part I Background and Concepts of the Red Book; Chapter 1 Background of the Red Book; 1.1 The ACE Form; 1.2 The First Edition of the Red Book; 1.3 The Second and Third Editions of the Red Book; 1.4 The Fourth Edition of the Red Book; 1.5 The 1996 Supplement to the Red Book; 1.6 Concepts of the Red Book; 1.7 The new suite of FIDIC contracts; Chapter 2 The Red Book is Based on a Domestic Contract; 2.1 Introduction; 2.2 Diversity of legal systems 327 $a2.3 The applicable law in international construction2.4 The applicable law of the contract; 2.5 Law governing procedure; 2.6 Law governing enforcement of awards; 2.7 Grouping of the contemporary legal systems; 2.8 The Romano-Germanic group; 2.8.1 Sources of law in the Romano-Germanic group; 2.8.2 Legal authoritative writing; 2.8.3 Areas of the law affecting construction in the Romano-Germanic group; 2.9 The common law group; 2.9.1 Sources of law in the common law group; 2.9.2 Areas of the law affecting construction in the common law group; 2.10 The law in Islamic countries 327 $a2.10.1 Sources of Islamic law2.10.2 Contracts in general and construction and engineering contracts in particular under Islamic law; 2.10.3 Some salient principles in construction and engineering contracts; Chapter 3 Legal Concepts Based on the Common Law System; 3.1 The law applicable to the contract; 3.1.1 Clause 5; 3.1.2 Clause 26; 3.1.3 Clause 70; 3.2 Conflict; 3.3 Some speci.c concepts under the common law; 3.3.1 Substantive law and procedural law; 3.3.2 Legislation, common law and equity; 3.4 Tort; 3.5 Contract - general principles; 3.5.1 Prerequisites of a contract 327 $a3.5.2 Limitation periods3.6 Privity of contract; 3.7 Performance of a contract; 3.8 The contents of a contract; 3.9 Remedies for breach of contract; 3.10 Exclusion clauses; 3.11 The responsibility to complete; Chapter 4 Drafting Principles; Chapter 5 The Concept of a Trusted Independent Engineer; 5.1 Introduction; 5.1.1 FIDIC's Statutes and By-Laws and the independent engineer; 5.1.2 FIDIC's Code of Ethics; 5.1.3 FIDIC's Quality-Based Selection, 'QBS'; 5.2 Other suppliers of consulting services; 5.3 Services provided by the consulting engineer; 5.3.1 Counselling services 327 $a5.3.2 Pre-investment studies5.3.3 Design, preparation of documents and supervision; 5.3.4 Specialised design and development services; 5.3.5 Project management; 5.3.6 Programme manager; 5.4 Independence; Chapter 6 A Traditional Re-measurement Contract; 6.1 Factors governing choice of contract; 6.2 The allocation of essential functions; 6.2.1 The allocation of the function relating to .nance; 6.2.2 The allocation of the functions of design and construction; 6.2.3 The allocation of risk, quality control and the method of pricing and payment; 6.3 Re-measurement contracts 327 $a6.3.1 The Red Book is a re-measure contract 330 $aIn September 1999, FIDIC introduced its new Suite of Contracts, which included a "new" Red, Yellow, Silver and Green forms of contract. The "new" Red Book was intended to replace the 1992 fourth edition of the Red Book, with the ambition that its use would cease with time. This ambition has not materialised and is unlikely to do so in the future. Despite the importance of the 1999 Forms, there has been very little published on the new concepts adopted in them and how they interact with the previous forms. This important work considers these aspects together with the many developments aff 606 $aEngineering contracts 606 $aStandardized terms of contract 615 0$aEngineering contracts. 615 0$aStandardized terms of contract. 676 $a343/.07862 700 $aBunni$b Nael G$0983900 701 $aBunni$b Nael G$0983900 712 02$aInternational Federation of Consulting Engineers. 801 0$bMiAaPQ 801 1$bMiAaPQ 801 2$bMiAaPQ 906 $aBOOK 912 $a9910877489403321 996 $aThe FIDIC forms of contract$92246336 997 $aUNINA